000 00290nam a22001337a 4500
008 170202b xxu||||| |||| 00| 0 eng d
020 _a9780393701739
041 _aeng
080 _a61
100 _a3
101 _aSHM
245 _aESSENTIAL PSYCHOPATHYOLOGY
_cMAXMAN.S
942 _2udc
_cBK
999 _c4357
_d4357